Längste Hauptstadtnamen A-Z - Statistiken

Allgemein
  • Dieses Quiz wurde 167 mal gespielt
    141 seit der letzten Aktualisierung
  • Das Durchschnittsergebnis liegt bei 8 aus 24
Antwortstatistiken
Alphabet Antwort Buchstaben % Korrekt
U Ulaanbaatar 11
61%
Q Quito 5
54%
Z Zagreb 6
54%
W Washington, D. C. 10 (bzw. 12)
53%
B Bandar Seri Begawan 17
45%
I Islamabad 9
45%
Y Yamoussoukro 12
43%
J Jerusalem 9
41%
O Ouagadougou 11
39%
F Freetown/Funafuti 8
37%
K Kuala Lumpur 11
37%
G Guatemala-Stadt 14
36%
H Helsinki 8
33%
R Reykjavik 9
31%
V Vatikanstadt 12
31%
C Canberra/Castries 8
28%
M Mexiko-Stadt 11
28%
A Andorra là Vella 14
26%
D Dschibuti 9
26%
P Port-au-Prince 12
24%
T Tegucigalpa 11
24%
S Sri Jayewardenepura Kotte 23
13%
L Libreville 10
12%
N Noaukchott 10
6%
Keine übereinstimmenden Quizze gefunden
Verteilung der Resultate
Anzahl Personen mit jedem Resultat
Perzentil nach korrekt beantworteten Fragen
Ihre Resultats-Entwicklung
Sie haben dieses Quiz seit der letzten Aktualisierung nicht gespielt